India : Selected Issues and Statistical Appendix.

This Selected Issues paper presents an analysis of trends in growth and investment in India in the 1990s, with a focus on the slowdown in growth during the second half of the 1990s. The paper discusses the fiscal situation, outlining the key reasons for the deterioration in fiscal balances, how the...

Ausführliche Beschreibung

Bibliographische Detailangaben
Körperschaft: International Monetary Fund
Format: Zeitschrift
Sprache:English
Veröffentlicht: Washington, D.C. : International Monetary Fund, 2002.
Schriftenreihe:IMF Staff Country Reports; Country Report ; No. 2002/193
Online Zugang:Full text available on IMF
LEADER 01613cas a2200241 a 4500
001 AALejournalIMF002115
008 230101c9999 xx r poo 0 0eng d
020 |c 5.00 USD 
020 |z 9781451818567 
022 |a 1934-7685 
040 |a BD-DhAAL  |c BD-DhAAL 
110 2 |a International Monetary Fund. 
245 1 0 |a India :   |b Selected Issues and Statistical Appendix. 
264 1 |a Washington, D.C. :  |b International Monetary Fund,  |c 2002. 
300 |a 1 online resource (143 pages) 
490 1 |a IMF Staff Country Reports 
500 |a <strong>Off-Campus Access:</strong> No User ID or Password Required 
500 |a <strong>On-Campus Access:</strong> No User ID or Password Required 
506 |a Electronic access restricted to authorized BRAC University faculty, staff and students 
520 3 |a This Selected Issues paper presents an analysis of trends in growth and investment in India in the 1990s, with a focus on the slowdown in growth during the second half of the 1990s. The paper discusses the fiscal situation, outlining the key reasons for the deterioration in fiscal balances, how the fiscal situation compares with other developing countries, and the key lessons from countries that managed successful fiscal consolidation. The paper also contains an assessment of India's opening to global trade and factors that may be affecting India's export performance. 
538 |a Mode of access: Internet 
830 0 |a IMF Staff Country Reports; Country Report ;  |v No. 2002/193 
856 4 0 |z Full text available on IMF  |u http://elibrary.imf.org/view/journals/002/2002/193/002.2002.issue-193-en.xml  |z IMF e-Library